书目信息 |
| 书名: | Sexually Transmitted Diseases | |
| 作者: | C.Howard Tseng,M.D,Ph.d. | |
| 分册号: | ||
| 分册名: | 出版地: |
|
| 出版社: | ||
| 出版时间: | ||
| 页数: | 154 p. ; | |
| 开本: | 20cm. | |
| 丛书名: | ||
| 中图分类号: | ||
| 科图分类号: | ||
| 其他分类号: | R183 | |
| 主题词: | ||
| 电子资源: | ||
| 000 | 00396nam 2200133 a 4500 | |
| 001 | E0733521035 | |
| 005 | 20070512093131.78 | |
| 008 | 070512s 00010 eng | |
| 020 | @a0-88247-770-6. | |
| 040 | @aPFT@beng | |
| 090 | @aR183 | |
| 099 | @dR183@ex52 | |
| 245 | @aSexually Transmitted Diseases :@bA Handbook of Protection,Prevention and Treatment / @cC.Howard Tseng,M.D,Ph.d. | |
| 300 | @a154 p. ;@c20cm. | |
| Sexually Transmitted Diseases : : A Handbook of Protection,Prevention and Treatment / / C.Howard Tseng,M.D,Ph.d. |
| 154 p. ; ; 20cm. |
| ISBN 0-88247-770-6. |
| ● |
| 相关链接 |
|
|
|
|
正题名:Sexually Transmitted Diseases
索取号:R183/x52
 
预约/预借
| 序号 | 登录号 | 条形码 | 馆藏地/架位号 | 状态 | 备注 |
| 1 | 008492 | 300084922 | 第二样本阅览室/ [索取号:R183/x52] | 在馆 |